000
00237nam a2200097Ia 4500
001
643446
005
20250826153546.0
008
250824s9999 xx 000 0 und d
245
0
_a
SAKLI HAZİNE
_c
İSMAİL BİLGİN
260
_b
GENÇ TİMAŞ
999
_c
643446
_d
643446